Most Populous Vermont Municipalities by Decade - Statistics

General Stats
  • This quiz has been taken 14 times
  • The average score is 10 of 33
Answer Stats
Hint Answer % Correct
1950 Burlington
100%
1810 Bennington
92%
1940 Montpelier
92%
1840 Rutland
75%
South Burlington
67%
1980 Brattleboro
58%
Essex
58%
1970 St. Albans
58%
Barre
50%
2020 St. Johnsbury
50%
Winooski
50%
Hartford
33%
1850 Springfield
33%
1930 Middlebury
25%
1830 Woodstock
25%
1900 Chester
17%
Milton
17%
1910 Randolph
17%
Williston
17%
1990 Castleton
8%
Colchester
8%
1920 Danville
8%
1800 Guilford
8%
1860 Hartland
8%
2010 Northfield
8%
Rockingham
8%
1870 Weathersfield
8%
1960 Westford
8%
1820 Windsor
8%
Brandon
0%
2000 Newbury
0%
1890 Pawlet
0%
1880 Westminster
0%
No matching quizzes found
Score Distribution
Percent of People with Each Score
Percentile by Number Answered
Your Score History
You have not taken this quiz